| 000 | 00477nam a2200133Ia 4500 | ||
|---|---|---|---|
| 008 | 160809s9999 xx 000 0 und d | ||
| 100 | _aHunter III, Starling D. | ||
| 245 | _aMoneyball for TV: A Model for Forecasting the Audience of New Dramatic Television Series | ||
| 245 | _cStarling D. Hunter III. | ||
| 260 | _bStudies in Media and Communication | ||
| 260 | _cDecember 2016 | ||
| 650 | _xCOMMUNICATION | ||
| 856 | _uhttp://redfame.com/journal/index.php/smc/issue/current | ||
| 999 |
_c299981 _d299981 |
||